00453nam a2200157Ia 4500008004100000020001300041082001700054100002400071245004300095250000700138260003600145300002400181500001900205600002100224650005000245240925s9999 xx 000 0 und d a72223049 a005.7565 BUR aDonald , K Burleson 0aOracle 9i Unix Administration Handbook aNA aNew York:bMc Graw HIllc,2002. axviii,781p.bNAfNA aIncludes Index aComputer Science aComputer science, information & general works